| 000 | 00865cam a2200289 4500 | ||
|---|---|---|---|
| 001 | 26422 | ||
| 003 | BD-RjUL | ||
| 005 | 20211209051021.0 | ||
| 008 | 140322r19721939ii b 001 0 eng | ||
| 035 | _a(BD-RjUL)26492 | ||
| 040 |
_aDLC _cDLC _dDLC _beng |
||
| 041 | _aeng | ||
| 082 | 0 | 0 |
_a301.2917671054 _bJAS 1972 |
| 100 | 1 |
_aJaffar, S. M., _d1910- _981241 |
|
| 245 | 1 | 0 |
_aSome cultural aspects of Muslim rule in India / _cby S. M. Jaffar. |
| 260 |
_aDelhi : _bIdarah-i Adabiyāt-i Delli, _c1972. |
||
| 300 |
_axi, 250 p. ; _c22 cm. |
||
| 350 | _aRs25.00 | ||
| 490 | 1 | _aIAD oriental series, no. 11 | |
| 500 | _aFirst published in 1939. | ||
| 504 | _aIncludes Bibliography: p. [235]-242 and index. | ||
| 650 | 0 |
_aMuslims _zIndia. _981242 |
|
| 651 | 0 |
_aIndia _xCivilization. _981243 |
|
| 942 |
_2ddc _cBK |
||
| 999 |
_c26422 _d26422 |
||